00578nam a22001577a 4500999001700000008004100017020001800058050002400076100001900100245007300119260003400192300002600226650001500252942003400267952011900301 c29940d29940181109b xxu||||| |||| 00| 0 eng d a9781619618299 aHD 57.7 b.H87 2018 aAgarwal Vishal aGive to get :bA senior leader's guide to navigating corporate life/ aNew York :bLioncrest,c2018. a146p. :bill ;c18cm. aLeadership 2lcccBOOKShHD 57.7 .H87 2018 00102lcc4070aMUCbMUCcGENd2018-11-09l6oHD 57.7 .H87 2018p38439r2025-06-19s2025-06-03w2018-11-09yBOOKS